000
00256nam a2200097Ia 4500
008
230915s9999 xx 000 0 und d
050
_a
HQ 57.6 .H37 2000 C.1
100
_a
HARRISON, JENNIFER K.
245
0
_a
SEX EDUCATION IN SECONDARY SCHOOLS
942
_c
BK
999
_c
158312
_d
158312